Ciencia Propia y Colonialismo Intelectual /

En esta obra Fals Borda plantea la necesidad de que los pueblos subdesarrollados, sobre todo los latinoamericanos, den los pasos necesarios para contar con una ciencia propia que permita la independencia real de los paises; denuncia el colonialismo tecnológico encaminado a someter, deformar la cultu...

Whakaahuatanga katoa

I tiakina i:
Ngā taipitopito rārangi puna kōrero
Kaituhi matua: Fals Borda, Orlando (autor)
Hōputu: Pukapuka
Reo:Pāniora
I whakaputaina: México : Nuestro Tiempo, 1970
Rangatū:(La Cultura al Pueblo)
Ngā marau:
Ngā Tūtohu: Tāpirihia he Tūtohu
Kāore He Tūtohu, Me noho koe te mea tuatahi ki te tūtohu i tēnei pūkete!

MARC

LEADER 00000nam^a2200000^a^4500
001 000024520
005 20250521000000.0
009 20260310084615.13
037 |a Acervo ITESO - Biblioteca 
041 |a ESP 
082 |a 303. 483  |b FAL 
100 |a Fals Borda, Orlando  |e (autor) 
245 1 0 |a Ciencia Propia y Colonialismo Intelectual /  |c O. Fals Borda. 
264 1 |a México :  |b Nuestro Tiempo,  |c 1970 
300 |a 138 p. 
336 |a texto  |b txt  |2 rdacontenido 
337 |a sin mediación  |b n  |2 rdamedio 
338 |a volumen  |b nc  |2 rdasoporte 
440 3 |a (La Cultura al Pueblo) 
520 |a En esta obra Fals Borda plantea la necesidad de que los pueblos subdesarrollados, sobre todo los latinoamericanos, den los pasos necesarios para contar con una ciencia propia que permita la independencia real de los paises; denuncia el colonialismo tecnológico encaminado a someter, deformar la cultura y aumentar la dependencia. 
649 |a XX 
650 |a Sociología 
650 |a Tecnología y Sociedad -  |z Latinoamérica 
650 |a Ciencia y Desarrollo -  |z Latinoamérica 
910 |a Fondo General 
920 |a Impresos - Libros 
930 |a Colección General 
905 |a 101 
901 |a 0245200100  |b IT1  |c ACC  |i 024520  |u 20250521 
902 |a https://opac.biblio.iteso.mx/vufind/Record/000024520